Biblioteca Parlamentaria
Catálogo en línea

Construyendo comunidades (Registro nro. 40612)

000 -CABECERA
Campo de control interno nam a22 7a 4500
005 - FECHA Y HORA DE LA CATALOGACION
Campo de control 20171117144321.0
008 - ELEMENTOS DE LONGITUD FIJA - INFORMACION
Elementos de Longitud Fija - Informaci 171117b xxu||||| |||| 00| 0 eng d
020 ## - INTERNATIONAL STANDARD BOOK NUMBER
ISBN 978-987-601-091-7
040 ## - ORIGEN DE LA CATALOGACION
Origen de la Catalogación ANE
041 ## - CODIGO DE LENGUAJE
Código de lenguaje del texto Es
084 ## - CLASIFICACION
Codigo interno VIRTUAL-003703
100 ## - AUTOR PERSONAL
Autor Personal Mata, María Cristina
245 ## - TÍTULO GENERAL
Título Construyendo comunidades
Subtítulo Reflexiones actuales sobre comunicación comunitaria
300 ## - DESCRIPCION
Número de páginas 208 p.
650 ## - DESCRIPTORES - TEMAS
Temas - Descriptores COMUNICACIÓN COMUNITARIA
650 ## - DESCRIPTORES - TEMAS
Temas - Descriptores EDUCACIÓN COMUNITARIA Y POPULAR
650 ## - DESCRIPTORES - TEMAS
Temas - Descriptores CULTURA POPULAR
856 ## - URL - Ubicaci
URI/URL http://documentacion.asambleanacional.gob.ec/alfresco/d/d/workspace/SpacesStore/4a89b47f-17f0-423c-b685-0ff3bfdba8b7/VIRTUAL%20-%20003703.pdf
942 ## - ELEMENTOS DE KOHA
Esquema de Clasificaci
Tipo de Documento Biblioteca Virtual
Catalogador mbc
Existencias
Withdrawn status Lost status Fuente de Clasificaci Damaged status Not for loan Ubicaci Biblioteca Fecha de Adquisición Vía de adquisición Signatura Topogr Código de barras Date last seen Price effective from Tipo de Item
          Biblioteca Asamblea Nacional Biblioteca Asamblea Nacional 2017-11-17 Donación VIRTUAL-003703 VIRTUAL-003703 2017-11-17 2017-11-17 Biblioteca Virtual
Dirección: Av. 6 de Diciembre y Piedrahita | Quito - Ecuador
Teléfonos: 593-23991000 Ext: 1147/1148
Correo:
archivo.biblioteca@asambleanacional.gob.ec

Soporte: FusionSolutions Cia. Ltda
archivobiblioteca white

Con tecnología Koha